000 00490nam a2200181Ia 4500
003 LK-CoDNM
005 20240924143953.0
008 010623t xxu||||| |||| 00| 1 sin d
040 _aLK-CoDNM
_dLK-CoDNM
_eLK-CoDNM
041 _asin
080 _a15
_bK30
100 _aWimalananda,Thennakoon.
245 _aපැරණි ලංකාව හා ශිලා ලිපි
246 _aPerani Lankawa Ha Shila Lipi
300 _b68ill ; 29 cm
650 _aInscription
942 _cBK
999 _c139271
_d139271